Score 0/40 Timer 08:00
2 Plays Today
% Correct
Peter Pan
94.3%
The Hunchback of Notre-Dame
92.7%
Moby Dick
87.2%
Harry Potter and the Order of the Phoenix
87%
Romeo & Juliet
84.4%
Madame Bovary
77.4%
Animal Farm
72.9%
Little Women
71.6%
The Adventures of Huckleberry Finn
71.4%
Lord of the Flies
69.1%
Of Mice and Men
68.2%
The Two Towers
67.7%
Death of a Salesman
60.9%
The Grapes of Wrath
56%
King Lear
54.6%
A Game of Thrones
54.5%
Les Misérables
52.7%
Wuthering Heights
48%
So Long and Thanks For All the Fish
46%
The Final Problem
45.7%
% Correct
The Godfather
43.2%
Heart of Darkness
42.7%
The Brothers Karamazov
42.5%
To Kill a Mockingbird
41.2%
The Princess Bride
39.9%
The Metamorphosis
35.5%
The Girl With the Dragon Tattoo
33.1%
Crime and Punishment
30.5%
War and Peace
30.1%
A Tale of Two Cities
29.6%
Titus Groan
27.4%
Love Story
27.4%
The Old Curiosity Shop
26.1%
American Psycho
21.6%
Where The Red Fern Grows
17.4%
Catch-22
17.3%
Fahrenheit 451
17%
Rabbit at Rest
15.3%
The Mayor of Casterbridge
13.7%
Birdsong
9.8%

You're not logged in!

Compare scores with friends on all Sporcle quizzes.
OR
Log In

Sporcle TV

Today on Sporcle TV


Watch our educational content, quiz creation guides, and fun videos on Sporcle TV.

Show Comments

Extras

Top Quizzes Today


Score Distribution

Paid Content

Your Account Isn't Verified!

In order to create a playlist on Sporcle, you need to verify the email address you used during registration. Go to your Sporcle Settings to finish the process.

Report this User

Report this user for behavior that violates our Community Guidelines.

Details: